| 000 | 00577nam a22001937a 4500 | ||
|---|---|---|---|
| 005 | 20180514102405.0 | ||
| 010 | _aENG-122987 | ||
| 020 |
_a9789386338839 _c399.00 |
||
| 035 | _aEN-106519 | ||
| 037 | _bDABD/PUB | ||
| 082 | _a641.3384 | ||
| 100 | _aSen, Colleen Taylor | ||
| 245 |
_aCurry : _cby Colleen Taylor Sen _ba global history / |
||
| 260 |
_aNew Delhi _bSpeaking Tiger _c2009 |
||
| 270 |
_a4381/4 Ansari Road, Daryaganj, _bNew Delhi _e110002 |
||
| 300 |
_a144p. _c20cm(pbk) _bill. |
||
| 500 | _aIt include index | ||
| 942 |
_2ddc _cEN _mSEN _h641.3384 |
||
| 999 |
_c152025 _d152025 |
||